000 00361nam a2200157Ia 4500
003 OSt
005 20240203113905.0
008 170523s9999 xx 000 0 und d
020 _a978-8131754269
040 _cIIMT UNIVERSITY
100 _aDESSLER- GARY
245 0 _aHUMAN RESOURCE MANAGEMENT
260 _bNEW DELHI PHI
260 _c2000
942 _2ddc
_c01
999 _c868
_d868